000 00949naa a22002657a 4500
001 BR8403894
003 BR-BrBNA
005 20240918175439.0
007 ta
008 230509b bl.||||| |||| 00| 0 por d
040 _aBR-BrBNA
_bpor
_cBiblioteca Nacional de Agricultura
041 _a(Pt)
072 _aK20; U10
090 _aK20 BR8403894
100 1 _aCouto, H.T.Z. do
111 1 _a2. Simposio sobre Inventario Florestal
_cPiracicaba, SP (Brazil)
_d15-16 Aug 1984
245 1 _aSistemas integrados de levantamentos florestais
260 3 _aPiracicaba, SP (Brasil):
_c1984.
500 _a2. Simposio sobre Inventario Florestal Piracicaba, SP (Brasil): 1984. p. 121-127 (BR8403894-AM)K20
650 _aINVENTARIO FLORESTAL
650 _aMODELO MATEMATICO
773 0 _t2. Simposio sobre Inventario Florestal
_wK20 BR8403894
_gPiracicaba, SP (Brasil), 1984. p. 121-127
909 _a202404
_bLucia
_c55
_dLucia Elande
942 _cAM
_2AGRIS
999 _c316781
_d316781